[Event "Irish Championship 2021"]
[Site "Dublin IRL"]
[Date "2021.07.31"]
[Round "1.18"]
[White "Murray, Sam"]
[Black "Murphy, Sean J."]
[Result "0-1"]
[WhiteElo "1621"]
[BlackElo "1990"]
[WhiteICU "1608"]
[BlackICU "2020"]
[WhiteClub "Gonzaga"]
[BlackClub "Cork"]
[WhiteNationality "IRL"]
[BlackNationality "IRL"]
[WhiteFideId "2508958"]
[BlackFideId "2512742"]
[PlyCount "52"]
[Venue "Colaiste Eanna"]
[EventDate "2021.07.31"]
[Source "Live boards"]
[BlackFullName "Murphy, Se&aacute;n J."]

{ Event information: <a
href="https://www.irlchess.com/irlch2021_allfiles/pairings_irlch2021.html">Tournament
report</a>. }

1. e4 c5 2. Nc3 a6 3. f4 e6 4. Nf3 b5 5. d4 cxd4 6. Nxd4 Bb7 7. Qd3 Nf6 8.
a3 d6 9. Be2 Nbd7 10. Nb3 Be7 11. O-O O-O 12. Be3 Qc7 13. g4 Nc5 14. Nxc5
dxc5 15. Bf3 Rfd8 16. Qe2 b4 17. g5 bxc3 18. gxf6 Bxf6 19. bxc3 Bxc3 20.
Rab1 Bc6 21. Rfd1 Bd4 22. Kg2 Qa5 23. Bxd4 cxd4 24. Qc4 Bb5 25. Qb4 Qc7 26.
Rxd4 Rxd4 0-1

[Event "Irish Championship 2021"]
[Site "Dublin IRL"]
[Date "2021.08.01"]
[Round "2.1"]
[White "Daly, Colm"]
[Black "Baburin, Alexander"]
[Result "1/2-1/2"]
[WhiteTitle "FM"]
[BlackTitle "GM"]
[WhiteElo "2285"]
[BlackElo "2416"]
[WhiteICU "2261"]
[BlackICU "2369"]
[WhiteClub "Bray/Greystones"]
[BlackClub "Kilkenny"]
[WhiteNationality "IRL"]
[BlackNationality "IRL"]
[WhiteFideId "2500434"]
[BlackFideId "2500914"]
[PlyCount "58"]
[Venue "Colaiste Eanna"]
[EventDate "2021.07.31"]
[Source "Live boards"]

{ Event information: <a
href="https://www.irlchess.com/irlch2021_allfiles/pairings_irlch2021.html">Tournament
report</a>. }

1. e4 Nf6 2. e5 Nd5 3. d4 d6 4. Nf3 dxe5 5. Nxe5 c6 6. Be2 Bf5 7. O-O Nd7
8. Nf3 e6 9. c4 N5f6 10. Nc3 Ne4 11. Re1 Nxc3 12. bxc3 Be7 13. Bd3 Bxd3 14.
Qxd3 O-O 15. Bf4 Re8 16. a4 Qa5 17. Reb1 b6 18. h3 Bf6 19. Re1 Rad8 20. Qc2
e5 21. Bd2 Qa6 22. Qb3 exd4 23. cxd4 c5 24. Rxe8+ Rxe8 25. Bc3 cxd4 26.
Bxd4 Nc5 27. Qb5 Qxb5 28. axb5 Bxd4 29. Nxd4 Ra8 1/2-1/2

[Event "Irish Championship 2021"]
[Site "Dublin IRL"]
[Date "2021.08.01"]
[Round "2.2"]
[White "Murphy, Conor E."]
[Black "O'Connor, Jonathan"]
[Result "1-0"]
[WhiteTitle "FM"]
[WhiteElo "2394"]
[BlackElo "2153"]
[WhiteICU "2419"]
[BlackICU "2124"]
[WhiteClub "Charlton ENG"]
[BlackClub "Dublin"]
[WhiteNationality "IRL"]
[BlackNationality "IRL"]
[WhiteFideId "421669"]
[BlackFideId "2501112"]
[PlyCount "87"]
[Venue "Colaiste Eanna"]
[EventDate "2021.07.31"]
[Source "Live boards"]

{ Event information: <a
href="https://www.irlchess.com/irlch2021_allfiles/pairings_irlch2021.html">Tournament
report</a>. }

1. e4 e5 2. Nf3 Nc6 3. Nc3 Nf6 4. Bb5 Bb4 5. O-O O-O 6. Bxc6 dxc6 7. d3 Re8
8. Ne2 a5 9. a4 Nd7 10. Bg5 Be7 11. Bxe7 Qxe7 12. Nd2 Nf8 13. Nc4 Ng6 14.
Qd2 b6 15. f4 exf4 16. Nxf4 Qg5 17. Qe3 Nxf4 18. Rxf4 Be6 19. Nd2 c5 20.
Nf3 Qe7 21. Nd2 Rad8 22. Raf1 Qd7 23. b3 Qd6 24. R4f2 Re7 25. Qg5 Rde8 26.
e5 Qd8 27. Ne4 Rd7 28. Qg3 Kh8 29. Ng5 Qe7 30. Rf4 h6 31. Rh4 Rd4 32. Ne4
Qf8 33. Qe3 Bd5 34. c3 Rxe4 35. dxe4 Bxb3 36. Qf4 Be6 37. g4 Bc4 38. Rf3
Qe7 $2 (38... Rd8 39. Kg2 Qe7 $10) 39. Rxh6+ $1 $18 gxh6 40. Qxh6+ Kg8 41.
Rf5 f6 42. exf6 Qh7 43. f7+ Bxf7 44. Rg5+ 1-0

[Event "Irish Championship 2021"]
[Site "Dublin IRL"]
[Date "2021.08.01"]
[Round "2.3"]
[White "Kanyamarala, Trisha"]
[Black "Kanyamarala, Tarun"]
[Result "1/2-1/2"]
[WhiteTitle "WIM"]
[BlackTitle "FM"]
[WhiteElo "2180"]
[BlackElo "2369"]
[WhiteICU "2178"]
[BlackICU "2296"]
[WhiteClub "Balbriggan"]
[BlackClub "Balbriggan"]
[WhiteNationality "IRL"]
[BlackNationality "IRL"]
[WhiteFideId "45004722"]
[BlackFideId "45004714"]
[PlyCount "58"]
[Venue "Colaiste Eanna"]
[EventDate "2021.07.31"]
[Source "Live boards"]

{ Event information: <a
href="https://www.irlchess.com/irlch2021_allfiles/pairings_irlch2021.html">Tournament
report</a>. }

1. c4 b6 2. Nf3 Bb7 3. e3 f5 4. b3 Nf6 5. Bb2 e6 6. Be2 g6 7. d3 Bg7 8.
Nbd2 Qe7 9. Qc2 a5 10. a3 Nc6 11. O-O O-O 12. Bc3 f4 13. exf4 Nh5 14. g3
Nxf4 15. gxf4 Rxf4 16. Ne4 Raf8 17. Rad1 d5 18. Ng3 d4 19. Bd2 Rxf3 20.
Bxf3 Rxf3 21. Rfe1 Ne5 22. Bc1 Qh4 23. Rxe5 Bxe5 24. Qe2 Qh3 25. Qxe5 Re3
26. Ne4 Qg4+ 27. Kf1 Qh3+ { Black spurns an obvious win. } 28. Kg1 Qg4+ 29.
Kf1 Qh3+ 1/2-1/2

[Event "Irish Championship 2021"]
[Site "Dublin IRL"]
[Date "2021.08.01"]
[Round "2.4"]
[White "O'Gorman, Tom"]
[Black "Carroll, Peter"]
[Result "1-0"]
[WhiteTitle "FM"]
[WhiteElo "2368"]
[BlackElo "2059"]
[WhiteICU "2303"]
[BlackICU "2035"]
[WhiteClub "Dun Laoghaire"]
[BlackClub "Gonzaga"]
[WhiteNationality "IRL"]
[BlackNationality "IRL"]
[WhiteFideId "2508249"]
[BlackFideId "2510243"]
[PlyCount "87"]
[Venue "Colaiste Eanna"]
[EventDate "2021.07.31"]
[Source "Live boards"]

{ Event information: <a
href="https://www.irlchess.com/irlch2021_allfiles/pairings_irlch2021.html">Tournament
report</a>. }

1. e4 c5 2. Nf3 d6 3. c3 Nf6 4. Be2 g6 5. O-O Bg7 6. Bb5+ Nbd7 7. Re1 O-O
8. d4 a6 9. Bf1 cxd4 10. cxd4 e5 11. Nc3 exd4 12. Qxd4 Nc5 13. e5 Ne6 14.
Qxd6 Qxd6 15. exd6 Rd8 16. Rd1 Ne8 17. Ne4 f5 18. Bc4 fxe4 19. Ng5 Rxd6 20.
Rxd6 Nxd6 21. Bxe6+ Bxe6 22. Nxe6 Be5 23. Bf4 Bxf4 24. Nxf4 Rc8 25. Rd1 Rc2
26. h3 Nf7 27. b4 Ne5 28. Rd5 Nc6 29. a3 Rc3 30. Rd7 Rxa3 31. Rxb7 a5 32.
b5 Nd4 33. Nd5 Rb3 34. Nf6+ Kf8 35. Nxh7+ Ke8 36. Nf6+ Kf8 37. b6 a4 38.
Nd7+ Ke8 39. Nf6+ Kf8 40. Ra7 a3 41. Nxe4 Nc6 42. Ra8+ Ke7 43. b7 Rb4 44.
Rxa3 1-0

[Event "Irish Championship 2021"]
[Site "Dublin IRL"]
[Date "2021.08.01"]
[Round "2.5"]
[White "Murray, David"]
[Black "Heidenfeld, Mark"]
[Result "0-1"]
[BlackTitle "IM"]
[WhiteElo "2142"]
[BlackElo "2360"]
[WhiteICU "2125"]
[BlackICU "2282"]
[WhiteClub "Gonzaga"]
[WhiteNationality "IRL"]
[BlackNationality "IRL"]
[WhiteFideId "2501511"]
[BlackFideId "2500990"]
[PlyCount "128"]
[Venue "Colaiste Eanna"]
[EventDate "2021.07.31"]
[Source "Live boards"]

{ Event information: <a
href="https://www.irlchess.com/irlch2021_allfiles/pairings_irlch2021.html">Tournament
report</a>. }

1. e4 e6 2. d4 d5 3. Nc3 Nf6 4. e5 Nfd7 5. f4 c5 6. Nf3 Nc6 7. Be3 cxd4 8.
Nxd4 a6 9. Qd2 Bc5 10. O-O-O O-O 11. h4 Nxd4 12. Bxd4 f6 13. exf6 Bxd4 14.
Qxd4 Qxf6 15. g3 Qxd4 16. Rxd4 Nf6 17. Bh3 Nh5 18. Rd3 g6 19. Re1 Ng7 20.
Ne2 Bd7 21. Nd4 Rfe8 22. Nf3 Rad8 23. Rde3 Bc8 24. Rc3 Re7 25. Rc5 Nh5 26.
Rg1 Kf8 27. Ng5 Nf6 28. Re1 Rde8 29. Rc3 h6 30. Nf3 Ne4 31. Rce3 e5 32. Bg2
exf4 33. gxf4 Nf6 34. Ne5 Bf5 35. Rg3 Nh5 36. Rf3 Kg7 37. Rg1 Nxf4 38. Rxf4
Rxe5 39. Rb4 b5 40. Bf3 Rc8 41. c3 Rc4 42. Rxc4 dxc4 43. Kd2 Be4 44. Bg4
Bb7 45. Re1 Rxe1 46. Kxe1 h5 47. Bd7 Kf6 48. Kf2 g5 49. Kg3 Be4 50. a3 Bg6
51. Bc8 a5 52. Bd7 Bf7 53. Bxb5 gxh4+ 54. Kxh4 Kf5 55. Bd7+ Kf4 56. Bc6 Ke3
57. Kg5 $2 (57. a4 $1 Kd2 58. Bb5 Kc2 59. Bxc4 Bxc4 60. b4 $10) 57... Kd2
$19 58. Kf6 Bg8 59. Kg7 Kc2 60. Kxg8 Kxb2 61. a4 Kxc3 62. Kf7 Kd4 63. Bd7
c3 64. Bf5 h4 0-1

[Event "Irish Championship 2021"]
[Site "Dublin IRL"]
[Date "2021.08.01"]
[Round "2.6"]
[White "O'Donnell, Conor"]
[Black "O'Flaherty, Kevin"]
[Result "1-0"]
[WhiteTitle "FM"]
[WhiteElo "2331"]
[BlackElo "1884"]
[WhiteICU "2311"]
[BlackICU "1818"]
[WhiteClub "Gonzaga"]
[BlackClub "Univ. of Limerick"]
[WhiteNationality "IRL"]
[BlackNationality "IRL"]
[WhiteFideId "2504243"]
[BlackFideId "2502283"]
[PlyCount "59"]
[Venue "Colaiste Eanna"]
[EventDate "2021.07.31"]
[Source "Live boards"]

{ Event information: <a
href="https://www.irlchess.com/irlch2021_allfiles/pairings_irlch2021.html">Tournament
report</a>. }

1. d4 f5 2. e4 e6 3. Bd3 g6 4. h4 Bg7 5. Nf3 fxe4 6. Bxe4 d5 7. Bd3 Ne7 8.
h5 Nbc6 9. Bg5 Qd6 10. Nc3 a6 11. Qd2 Nxd4 12. Nxd4 Bxd4 13. Bxe7 Kxe7 14.
O-O-O Bd7 15. hxg6 hxg6 16. Bxg6 Bf6 17. Rhe1 Kf8 18. Re3 Qf4 19. Nxd5 exd5
20. Re8+ Bxe8 21. Qxf4 Kg7 22. Bxe8 Raxe8 23. Qxc7+ Re7 24. Qg3+ Kf7 25.
Qb3 Bg5+ 26. Kb1 Rd8 27. Rxd5 Ke8 28. Rxd8+ Kxd8 29. Qd5+ Ke8 30. Qxg5 1-0

[Event "Irish Championship 2021"]
[Site "Dublin IRL"]
[Date "2021.08.01"]
[Round "2.7"]
[White "Murphy, Sean J."]
[Black "Fitzsimons, David"]
[Result "0-1"]
[BlackTitle "IM"]
[WhiteElo "1990"]
[BlackElo "2324"]
[WhiteICU "2020"]
[BlackICU "2343"]
[WhiteClub "Cork"]
[BlackClub "Elm Mount"]
[WhiteNationality "IRL"]
[BlackNationality "IRL"]
[WhiteFideId "2512742"]
[BlackFideId "2501961"]
[PlyCount "80"]
[Venue "Colaiste Eanna"]
[EventDate "2021.07.31"]
[Source "Live boards"]
[WhiteFullName "Murphy, Se&aacute;n J."]

{ Event information: <a
href="https://www.irlchess.com/irlch2021_allfiles/pairings_irlch2021.html">Tournament
report</a>. }

1. b3 e5 2. Bb2 Nc6 3. e3 Nf6 4. Bb5 e4 5. Ne2 a6 6. Bxc6 dxc6 7. Nbc3 Bd6
8. Ng3 Qe7 9. Qe2 Ba3 10. Bxa3 Qxa3 11. Ngxe4 Nxe4 12. Nxe4 Qb2 13. Qd1 Bf5
14. f3 O-O-O 15. d3 Rhe8 16. Qc1 Qe5 17. O-O Bg6 18. Re1 Bxe4 19. fxe4 Rd6
20. Rf1 Rh6 21. g3 f6 22. Qd2 Rg6 23. Rab1 Qd6 24. Qf2 Kb8 25. b4 Re5 26.
Qf4 Qe6 27. c4 h5 28. a4 Rg4 29. Qf3 h4 30. Rf2 hxg3 31. hxg3 Reg5 32. Rg2
Qd6 33. e5 Qxd3 34. Rd1 Qxc4 35. exf6 gxf6 36. Qxf6 Qxb4 37. Qd8+ Ka7 38.
Qxc7 Qc3 39. Qd7 Qxe3+ 40. Kf1 Qf3+ 0-1

[Event "Irish Championship 2021"]
[Site "Dublin IRL"]
[Date "2021.08.01"]
[Round "2.8"]
[White "Putar, Leon"]
[Black "Venkatesan, Kavin"]
[Result "1/2-1/2"]
[WhiteElo "1918"]
[BlackElo "2011"]
[WhiteICU "1901"]
[BlackICU "2032"]
[WhiteClub "St. Benildus"]
[BlackClub "St. Benildus"]
[WhiteNationality "IRL"]
[BlackNationality "IRL"]
[WhiteFideId "14546612"]
[BlackFideId "2512602"]
[PlyCount "94"]
[Venue "Colaiste Eanna"]
[EventDate "2021.07.31"]
[Source "Live boards"]

{ Event information: <a
href="https://www.irlchess.com/irlch2021_allfiles/pairings_irlch2021.html">Tournament
report</a>. }

1. Nf3 c5 2. c4 Nf6 3. Nc3 Nc6 4. g3 e6 5. Bg2 d5 6. cxd5 exd5 7. d4 Be7 8.
O-O O-O 9. dxc5 Bxc5 10. Bg5 d4 11. Bxf6 Qxf6 12. Ne4 Qe7 13. Nxc5 Qxc5 14.
Rc1 Qd6 15. Qd2 Bg4 16. Rfd1 Rad8 17. h3 Bh5 18. a4 Rd7 19. Ng5 Bg6 20. Ne4
Bxe4 21. Bxe4 f5 22. Bxc6 bxc6 23. e3 d3 24. Qc3 Rb8 25. Rd2 Qd5 26. Qxc6
Qxc6 27. Rxc6 Kf7 28. Kf1 Rb6 29. Rxb6 axb6 30. Ke1 Ke6 31. f4 Rd5 32. Rd1
Rd6 33. b3 Ke7 34. Kd2 Rh6 35. h4 Rd6 36. Kc3 Rg6 37. Rg1 Rd6 38. Rg2 h5
39. b4 Kf7 40. a5 bxa5 41. bxa5 Rd5 42. a6 Ra5 43. Kxd3 Rxa6 44. Kd4 Ke6
45. Rb2 Rd6+ 46. Kc4 Rd1 47. Rg2 g6 1/2-1/2

[Event "Irish Championship 2021"]
[Site "Dublin IRL"]
[Date "2021.08.01"]
[Round "2.9"]
[White "Fox, Anthony"]
[Black "Harding, Tim"]
[Result "1/2-1/2"]
[BlackTitle "CM"]
[WhiteElo "2005"]
[BlackElo "2003"]
[WhiteICU "2007"]
[BlackICU "1955"]
[WhiteClub "Dun Laoghaire"]
[BlackClub "T.C.D."]
[WhiteNationality "IRL"]
[BlackNationality "IRL"]
[WhiteFideId "2500736"]
[BlackFideId "2500256"]
[PlyCount "50"]
[Venue "Colaiste Eanna"]
[EventDate "2021.07.31"]
[Source "Live boards"]

{ Event information: <a
href="https://www.irlchess.com/irlch2021_allfiles/pairings_irlch2021.html">Tournament
report</a>. }

1. e4 c6 2. d4 d5 3. Nc3 dxe4 4. Nxe4 Nf6 5. Nxf6+ exf6 6. c3 Bd6 7. Bd3
O-O 8. Qc2 Re8+ 9. Ne2 h5 10. Be3 Nd7 11. O-O-O Nf8 12. Nf4 Bxf4 13. Bxf4
Be6 14. Kb1 Bd5 15. f3 b5 16. Rhe1 Qd7 17. Bf5 Be6 18. Bxe6 Rxe6 19. Rxe6
fxe6 20. Rd2 Qf7 21. Qe4 Qg6 22. Kc2 Rd8 23. b3 Qxe4+ 24. fxe4 Ng6 25. Be3
a6 1/2-1/2

[Event "Irish Championship 2021"]
[Site "Dublin IRL"]
[Date "2021.08.01"]
[Round "2.10"]
[White "Burke, Kevin"]
[Black "Moran, Darragh"]
[Result "0-1"]
[WhiteElo "1883"]
[BlackElo "1859"]
[WhiteICU "1781"]
[BlackICU "1838"]
[WhiteClub "St. Benildus"]
[BlackClub "Gonzaga"]
[WhiteNationality "IRL"]
[BlackNationality "IRL"]
[WhiteFideId "2501520"]
[BlackFideId "2510294"]
[PlyCount "52"]
[Venue "Colaiste Eanna"]
[EventDate "2021.07.31"]
[Source "Live boards"]

{ Event information: <a
href="https://www.irlchess.com/irlch2021_allfiles/pairings_irlch2021.html">Tournament
report</a>. }

1. e4 e5 2. f4 d5 3. exd5 c6 4. d4 exd4 5. Qxd4 Nf6 6. Nc3 cxd5 7. Nf3 Nc6
8. Bb5 Bd6 9. Ne5 Bd7 10. Bxc6 bxc6 11. Nxd7 Qxd7 12. O-O O-O 13. f5 Qe7
14. Qh4 Be5 15. Na4 Rab8 16. a3 Rfe8 17. c3 Qb7 18. Bf4 Bxf4 19. Rxf4 Ne4
20. b4 Qb5 21. Nb2 Qe2 22. Nd1 Nxc3 23. Rg4 Qe1+ 24. Qxe1 Rxe1+ 25. Kf2
Rxd1 26. Rxd1 Nxd1+ 0-1

[Event "Irish Championship 2021"]
[Site "Dublin IRL"]
[Date "2021.08.01"]
[Round "2.11"]
[White "Goss, Alex"]
[Black "Doyle, Tony"]
[Result "1/2-1/2"]
[WhiteElo "1833"]
[BlackElo "2206"]
[WhiteICU "1750"]
[BlackICU "2046"]
[WhiteClub "U.C.D."]
[WhiteNationality "IRL"]
[BlackNationality "IRL"]
[WhiteFideId "2509407"]
[BlackFideId "2500329"]
[PlyCount "42"]
[Venue "Colaiste Eanna"]
[EventDate "2021.07.31"]
[Source "Live boards"]

{ Event information: <a
href="https://www.irlchess.com/irlch2021_allfiles/pairings_irlch2021.html">Tournament
report</a>. }

1. e4 e5 2. Nf3 Nc6 3. d4 exd4 4. Nxd4 Nf6 5. Nxc6 bxc6 6. Bd3 d6 7. O-O g6
8. Bg5 Bg7 9. Nc3 h6 10. Bh4 g5 11. Bg3 Ng4 12. h3 Ne5 13. f4 gxf4 14. Bxf4
Be6 15. Qh5 Qb8 16. Rab1 Qb6+ 17. Kh1 Qc5 18. Qe2 Rb8 19. Be3 Qa5 20. Bd2
Qc5 21. Be3 Qa5 1/2-1/2

[Event "Irish Championship 2021"]
[Site "Dublin IRL"]
[Date "2021.08.01"]
[Round "2.12"]
[White "O'Connell, Gerard"]
[Black "Putar, Lara"]
[Result "0-1"]
[WhiteElo "2051"]
[BlackElo "1930"]
[WhiteICU "2005"]
[BlackICU "1969"]
[WhiteClub "St. Benildus"]
[BlackClub "St. Benildus"]
[WhiteNationality "IRL"]
[BlackNationality "IRL"]
[WhiteFideId "2500493"]
[BlackFideId "14546604"]
[PlyCount "52"]
[Venue "Colaiste Eanna"]
[EventDate "2021.07.31"]
[Source "Live boards"]

{ Event information: <a
href="https://www.irlchess.com/irlch2021_allfiles/pairings_irlch2021.html">Tournament
report</a>. }

1. d4 Nf6 2. c4 g6 3. Nc3 d5 4. cxd5 Nxd5 5. e4 Nxc3 6. bxc3 Bg7 7. Be3 c5
8. Bc4 O-O 9. Ne2 Qc7 10. Rc1 Nc6 11. O-O Rd8 12. f4 Bg4 13. h3 Bxe2 14.
Bxe2 cxd4 15. cxd4 Qb6 16. Rb1 Bxd4 17. Bxd4 Qxd4+ 18. Qxd4 Nxd4 19. Bc4
Rac8 20. Bd5 b6 21. f5 gxf5 22. Rbd1 Ne2+ 23. Kh2 Nc3 24. Rd3 e6 25. Rg3+
Kf8 26. Bb7 Nxe4 0-1

[Event "Irish Championship 2021"]
[Site "Dublin IRL"]
[Date "2021.08.01"]
[Round "2.13"]
[White "Murchadha, Oissine"]
[Black "O'Gorman, Alice"]
[Result "0-1"]
[WhiteElo "1976"]
[BlackElo "1907"]
[BlackICU "1882"]
[BlackClub "T.C.D."]
[WhiteNationality "IRL"]
[BlackNationality "IRL"]
[WhiteFideId "2503603"]
[BlackFideId "2508214"]
[PlyCount "120"]
[Venue "Colaiste Eanna"]
[EventDate "2021.07.31"]
[Source "Live boards"]
[WhiteFullName "Murchadha, Oiss&iacute;ne"]

{ Event information: <a
href="https://www.irlchess.com/irlch2021_allfiles/pairings_irlch2021.html">Tournament
report</a>. }

1. d4 d5 2. c4 e6 3. Nf3 c6 4. g3 dxc4 5. Bg2 b5 6. Ne5 Bb7 7. O-O Qc8 8.
Nc3 Nd7 9. Ne4 Ngf6 10. b3 Nxe4 11. Bxe4 cxb3 12. Qxb3 Bd6 13. Bb2 Bxe5 14.
dxe5 Nc5 15. Qc2 Nxe4 16. Qxe4 c5 17. Qg4 Qc6 18. f3 O-O 19. Rfd1 Rfd8 20.
Rd6 Qc7 21. Rad1 c4 22. Qh4 Qc5+ 23. Kf1 Rf8 24. Bd4 Qa3 25. Qe7 Bd5 26.
Ke1 c3 27. Qg5 c2 28. Rc1 Qxa2 29. e4 Qa5+ 30. Kf2 Bb3 31. Qe3 Ba4 32. Qd3
Qc7 33. Bc3 Rfd8 34. h4 a5 35. h5 h6 36. g4 b4 37. Bb2 Rxd6 38. exd6 Qc5+
39. Kg2 b3 40. e5 Qb6 41. g5 hxg5 42. Qd2 Qd8 43. Kh3 Be8 44. Rg1 a4 45.
Rxg5 Ra7 46. Rg4 Kh8 47. Qg2 g6 48. Rh4 Kg8 49. Bc1 b2 50. Bxb2 a3 51. Bc1
a2 52. Bg5 Qxg5 53. Qxg5 a1=Q 54. Qd8 Ra8 55. Qf6 Qh1+ 56. Kg4 Qxh4+ 57.
Kxh4 c1=Q 58. d7 Bxd7 59. f4 Qh1+ 60. Kg3 Ra3+ 0-1

[Event "Irish Championship 2021"]
[Site "Dublin IRL"]
[Date "2021.08.01"]
[Round "2.14"]
[White "Lyons, Brendan"]
[Black "MacElligott, Gerard"]
[Result "1-0"]
[BlackTitle "CM"]
[WhiteElo "1931"]
[BlackElo "1966"]
[WhiteICU "1886"]
[BlackICU "1938"]
[WhiteClub "St. Benildus"]
[BlackClub "Elm Mount"]
[WhiteNationality "IRL"]
[BlackNationality "IRL"]
[WhiteFideId "2500698"]
[BlackFideId "2500647"]
[PlyCount "63"]
[Venue "Colaiste Eanna"]
[EventDate "2021.07.31"]
[Source "Live boards"]

{ Event information: <a
href="https://www.irlchess.com/irlch2021_allfiles/pairings_irlch2021.html">Tournament
report</a>. }

1. e4 c5 2. Nc3 Nc6 3. Bb5 Nd4 4. Nf3 Nxb5 5. Nxb5 d5 6. exd5 a6 7. Nc3 Nf6
8. Ne5 g6 9. Qf3 Bg7 10. O-O O-O 11. Re1 Bd7 12. d3 b5 13. Bg5 Qc7 14. Bf4
Qb7 15. Re2 b4 16. Ne4 Rac8 17. d6 Bc6 18. Nxc6 Rxc6 19. Nxc5 Qc8 20. dxe7
Re8 21. d4 Nh5 22. c3 Rf6 23. g3 Bh6 24. Ne4 Rf5 25. Nd6 Nxf4 26. Nxc8 Nh3+
27. Kg2 Rxf3 28. Kxf3 Ng5+ 29. Kg2 bxc3 30. bxc3 Ne6 31. d5 Rxc8 32. dxe6
1-0

[Event "Irish Championship 2021"]
[Site "Dublin IRL"]
[Date "2021.08.01"]
[Round "2.15"]
[White "Cafolla, Peter"]
[Black "Aherne, John P."]
[Result "1-0"]
[WhiteElo "1958"]
[BlackElo "1903"]
[WhiteICU "1914"]
[BlackICU "1763"]
[WhiteClub "Rathmines"]
[BlackClub "Rathmines"]
[WhiteNationality "IRL"]
[BlackNationality "IRL"]
[WhiteFideId "2500884"]
[BlackFideId "2501805"]
[PlyCount "51"]
[Venue "Colaiste Eanna"]
[EventDate "2021.07.31"]
[Source "Live boards"]

{ Event information: <a
href="https://www.irlchess.com/irlch2021_allfiles/pairings_irlch2021.html">Tournament
report</a>. }

1. e4 e6 2. d4 d5 3. e5 c5 4. c3 Nc6 5. Nf3 Qb6 6. a3 c4 7. Nbd2 Bd7 8. Rb1
Na5 9. Be2 Rc8 10. b4 cxb3 11. Nxb3 Ba4 12. Nxa5 Bxd1 13. Rxb6 axb6 14.
Bb5+ Kd8 15. Nxb7+ Kc7 16. Nd6 Bxd6 17. exd6+ Kxd6 18. Kxd1 Rxc3 19. Bd2
Rc8 20. Ne5 Ke7 21. Bb4+ Kf6 22. Nd7+ Kg6 23. Nxb6 Rb8 24. Bd3+ f5 25. Nd7
Ra8 26. Re1 1-0

[Event "Irish Championship 2021"]
[Site "Dublin IRL"]
[Date "2021.08.01"]
[Round "2.16"]
[White "Scott, Luke"]
[Black "Casey, Eoghan"]
[Result "1-0"]
[WhiteElo "1906"]
[BlackElo "1952"]
[WhiteICU "1959"]
[BlackICU "1876"]
[WhiteClub "Ballyroan"]
[BlackClub "Gonzaga"]
[WhiteNationality "IRL"]
[BlackNationality "IRL"]
[WhiteFideId "2507986"]
[BlackFideId "2502178"]
[PlyCount "121"]
[Venue "Colaiste Eanna"]
[EventDate "2021.07.31"]
[Source "Live boards"]

{ Event information: <a
href="https://www.irlchess.com/irlch2021_allfiles/pairings_irlch2021.html">Tournament
report</a>. }

1. d4 g6 2. c4 Bg7 3. Nc3 c5 4. d5 Bxc3+ 5. bxc3 f5 6. e4 fxe4 7. f3 d6 8.
fxe4 e5 9. Bd3 Qh4+ 10. g3 Qg4 11. Qf3 Qxf3 12. Nxf3 Nf6 13. Rb1 b6 14. h3
Nh5 15. Kf2 O-O 16. Bh6 Rf7 17. Kg2 Na6 18. Be2 Ng7 19. Ng5 Re7 20. Rhf1
Bd7 21. Rf6 Rd8 22. Rbf1 Nc7 23. Rf7 Rxf7 24. Rxf7 Nce8 25. Bg4 Bxg4 26.
hxg4 Ra8 27. Rf2 Rc8 28. Ne6 Nxe6 29. dxe6 Ng7 30. Bxg7 Kxg7 31. Rf7+ Kg8
32. Rxa7 Re8 33. Rb7 Rxe6 34. Rxb6 Kf7 35. a4 Ke7 36. a5 Kd7 37. a6 Re8 38.
Rb7+ Kc6 39. Rxh7 Rg8 40. g5 Kb6 41. a7 Ra8 42. Rd7 Rxa7 43. Rxd6+ Kc7 44.
Rd5 Ra2+ 45. Kf3 Rc2 46. Rxc5+ Kd6 47. Rd5+ Ke6 48. Rd3 Ra2 49. c5 Ra5 50.
Rd6+ Kf7 51. Rd7+ Ke6 52. Rg7 Rxc5 53. Rxg6+ Kf7 54. Rf6+ Kg7 55. Kg4 Rxc3
56. Re6 Rc5 57. Kf5 Rc3 58. g4 Kf7 59. Rf6+ Kg7 60. Kxe5 Rc5+ 61. Kf4 1-0